| 000 | 00917cam a2200253 4500 | ||
|---|---|---|---|
| 001 | J127431 | ||
| 008 | 040916n2005 000 0 eng u | ||
| 035 | _a(Sirsi) u127431 | ||
| 041 | _aeng | ||
| 110 | _aRobust Details | ||
| 245 | _aRobust details handbook | ||
| 250 | _a2nd ed | ||
| 260 |
_aMilton Keynes _bRobust Details _c2005 |
||
| 300 |
_a1 _fv. (loose-leaf) _c30cm |
||
| 350 | _a65 | ||
| 520 | _aThis handbook contains the separating wall and separating floor constructions that have achieved the status of robust details for the Building Regulations 2000 Approved Document E, "Resistance to the passage of sound." | ||
| 590 | _aNB | ||
| 650 | _aBUILDING REGULATIONS 2000 APPROVED DOCUMENT E (2003 EDITION) | ||
| 650 | _aSOUND INSULATION | ||
| 650 | _aSOUNDPROOFING | ||
| 650 | _aBUILT ENVIRONMENT-CONSTRUCTION DESIGN-ACOUSTICS | ||
| 690 | _aBUILT ENVIRONMENT-BUILDING STANDARDS | ||
| 942 | _n0 | ||
| 999 |
_c103788 _d103788 |
||